000 00954nam a22002777a 4500
001 8472
003 FISKH
005 20250915113842.0
008 250915b cb ||||| |||| 00| 0 eng d
020 _a9780152015459
040 _aFISKH
_beng
_cFISKH
_dFISKH
050 _aPE1155 .G78
082 _a421.1
100 _aGrover, Max
245 _aThe accidental Zucchini :
_bAn unexpected alphabet /
_cBy Max Gorver
250 _aFirst Voyager Books edition 1997
260 _aLondon:
_bHarcourt, Inc. ,
_c1993.
300 _a34 unnumbered pages :
_bcolor illustrations ;
_c27 cm.
505 _aF
520 _aEach letter of the alphabet is represented by an unusual combination of objects, such as "fork fence," "octopus overalls," and "umbrella underwear."
521 8 _a350
_bLexile estimate
521 8 _aF
_bRaz-Plus
650 _aEnglish language-Alphabet
_vJuvenile Literature
942 _2ddc
_cBK
_n0
999 _c8472
_d8472